000 00497nam a22001697a 4500
005 20251108164342.0
008 250721s1998 xx 000 0 ara d
082 1 4 _a211.18/معا
100 1 _aأم معاذ،
245 1 0 _aآيات مختارة من القرآن الكريم /
264 1 _aعمان :
_bدار البشير للنشر،
_c1998.
300 _a51ص .
650 1 7 _aالقرآن الكريم
650 1 7 _aالآيات القرانية
942 _2ddc
_cBK
999 _c10037
_d10037